MARC

LEADER 00000nam0a2200000 4500
001 237574
005 20231101231540.0
035 |a (RuTPU)RU\TPU\book\258748 
090 |a 237574 
100 |a 20130516d1964 k y0rusy50 ca 
101 0 |a rus 
102 |a RU 
105 |a a z 001zy 
200 1 |a Природа солнечных пятен  |f Е. П. Левитан  |g Академия наук СССР (АН СССР) 
210 |a Москва  |c Наука  |d 1964 
215 |a 128 с.  |c ил. 
225 1 |a Научно-популярная серия 
320 |a Библиогр. с.: 118-126. 
606 1 |a Солнечная система  |2 stltpush  |3 (RuTPU)RU\TPU\subj\67348  |9 83191 
610 1 |a солнечные пятна 
610 1 |a физические свойства 
610 1 |a группы 
610 1 |a цикличность 
610 1 |a гелиографические координаты 
610 1 |a проявление 
610 1 |a гипотезы 
675 |a 523  |v 3 
700 1 |a Левитан  |b Е. П.  |g Ефрем Павлович 
712 0 2 |a Академия наук СССР (АН СССР)  |2 stltpush  |3 (RuTPU)RU\TPU\col\722 
801 1 |a RU  |b 63413507  |c 20130516 
801 2 |a RU  |b 63413507  |c 20130815  |g RCR 
942 |c BK